[Event "IRI-ch U18"]
[Site "Chess.com INT"]
[Date "2021.01.26"]
[Round "2"]
[White "Tanavar, Mohammadreza"]
[Black "Heydari, Mohammad Masoud"]
[Result "0-1"]
[WhiteElo "1435"]
[BlackElo "1854"]
[PlyCount "86"]
[EventDate "2021.01.26"]
[EventType "swiss"]
[EventRounds "9"]
[EventCountry "IRI"]
[SourceTitle "CBM 200 Extra"]
[Source "ChessBase"]
[SourceDate "2021.03.31"]
[SourceVersion "1"]
[SourceVersionDate "2021.03.31"]
[SourceQuality "1"]

1. c4 c5 2. e3 e6 3. d4 cxd4 4. exd4 d5 5. Nf3 Nc6 6. Nc3 Nf6 7. Bg5 Be7 8. cxd5 exd5 9. Bb5 0-0 10. 0-0 Bg4 11. Be2 Re8 12. h3 Bh5 13. Re1 h6 14. Bh4 Ne4 15. Bxe7 Rxe7 16. Ne5 Bxe2 17. Rxe2 Nxe5 18. Nxe4 dxe4 19. dxe5 Rxe5 20. Qxd8+ Rxd8 21. Rae1 Rde8 22. f3 e3 23. Kh2 g5 24. Kg3 f5 25. f4 Re4 26. fxg5 hxg5 27. Kf3 f4 28. g3 Kf7 29. gxf4 gxf4 30. Rg1 Kf6 31. Rg4 Kf5 32. Rg7 R8e7 33. Rg8 Rd4 34. Rf8+ Ke5 35. h4 Rd1 36. Kg2 Ke4 37. Rc8 f3+ 38. Kh3 fxe2 39. Rc4+ Kf3 40. Rc5 e1Q 41. Rf5+ Ke4 42. Rg5 Qh1+ 43. Kg4 Qf3# 0-1